00527nam a2200181Ii 450000100060000000300090000600800410001502000180005604000330007404100080010708400120011524500350012726400900016230000120025233600260026433700280029033800270031822894CO-ViMGA241108s9999||||xx |||||||||||||| ||und|| a9788877033505 aCO-ViMGAbspaerdacCO-ViMGA0 aspa aA CAN1910aCanta el gallo por la mañana 1aRoma, Italia : La Coccinella ; Torroella de Montgrí, Girona : Panini España, 2014 avolumen atextbtxt2rdacontent aunmediatedbn2rdamedia avolumebnc2rdacarrier